| 000 | 00771nam a2200253 i 4500 | ||
|---|---|---|---|
| 001 | 18233 | ||
| 003 | ES-MaACL | ||
| 005 | 20230906151805.0 | ||
| 007 | t| | ||
| 008 | 011016s2000 fr ||||1| spa d | ||
| 020 | _a2-914273-02-9 | ||
| 080 | _a821.134.2(82)-31"19" | ||
| 100 | 1 |
_aArlt, Roberto. _922899 |
|
| 245 | 1 | 4 |
_aLos siete locos ; Los lanzallamas / _cRoberto Arlt ; edición crítica Mario Goloboff, coordinador. |
| 250 | _a1ª ed. | ||
| 260 |
_aNanterre : _bALLCA XX, _c2000. |
||
| 300 |
_aXXXV, 873 p. : _b1 retr. ; _c25 cm. |
||
| 490 | 1 |
_aColección Archivos ; _v2 |
|
| 700 | 1 |
_aGoloboff, Mario. _957713 |
|
| 740 | 4 | _aLos lanzallamas. | |
| 830 | 0 |
_aColección Archivos ; _v2 _9178295 |
|
| 852 |
_aES-MaACL _jL-24948 _bR.130321 |
||
| 999 |
_c18233 _d18233 |
||